00289pab a2200121 454500008004000000100002100040245003500061260000900096300001500105362000800120650002700128773001200155180718b2011 xxu||||| |||| 00| 0 eng d aRamanathan, Usha aThe myth of the technology fix c2011 ap.110-114. aJan aScience and technology aSeminar